Estatísticas para 100 Nomes Femininos Mais Populares

Clique aqui para jogar o quiz

Estatísticas Gerais

  • Esse quiz foi jogado 3 612 vezes
    (3 572 desde o último reset)
  • A pontuação média é 40 de 100

Estatísticas das Respostas

Nome% Correto
Maria
98%
Ana
95%
Júlia
83%
Beatriz
76%
Mariana
75%
Gabriela
73%
Luísa
71%
Bruna
70%
Carolina
70%
Isabel
70%
Paula
70%
Fernanda
66%
Alice
64%
Joana
64%
Laura
63%
Vitória
61%
Carla
60%
Clara
60%
Juliana
60%
Helena
59%
Daniela
57%
Eduarda
57%
Sofia
55%
Camila
53%
Letícia
53%
Lúcia
53%
Patrícia
52%
Sara
51%
Bárbara
48%
Cláudia
47%
Marta
47%
Rafaela
47%
Rosa
46%
Vanessa
46%
Catarina
45%
Cristina
45%
Manuela
45%
Lara
44%
Marina
44%
Natália
44%
Andreia
43%
Jéssica
43%
Tatiana
43%
Adriana
42%
Márcia
42%
Rita
41%
Diana
40%
Mónica
40%
Sandra
40%
Francisca
38%
Raquel
37%
Teresa
36%
Fátima
35%
Cátia
34%
Sónia
34%
Débora
33%
Carina
32%
Sílvia
30%
Inês
29%
Margarida
29%
Tânia
29%
Vera
29%
Alexandra
28%
Érica
28%
Célia
27%
Cristiana
27%
Rute
27%
Susana
27%
Ema
26%
Vânia
26%
Cármen
25%
Elisabete
25%
Eva
25%
Madalena
25%
Priscila
25%
Mara
23%
Marisa
23%
Emília
22%
Filipa
22%
Jaqueline
22%
Matilde
22%
Leonor
21%
Lurdes
20%
Carlota
19%
Liliana
19%
Soraia
19%
Anabela
18%
Mafalda
18%
Conceição
16%
Kelly
16%
Constança
15%
Marlene
15%
Benedita
14%
Graça
14%
Neusa
14%
Vanda
14%
Filomena
13%
Micaela
12%
Irina
10%
Natacha
10%

Distribuição das Pontuações

Percentil de Números Respondidos

Porcentagem de Pessoas com Cada Pontuação

Sua Pontuação Histórica

Você não jogou esse quiz desde o último reset